005610000a22002170004500500002700000650002100027650001600048650002100064650001800085650001600103082002100119518001500140530000800155100002700163245004900190260002100239502005700260260000900317041000800326300000900334 aBibliography: p. 53-60 aMicropropagation aPropagation aPlant morphology aCulture media aCultivation a631.53bSh84mcD a2001-06-26 aDis aShrestha, Sushila Devi aMicropropagation of Guizotia Abyssinica cass aKathmandu, Nepal aDissertationbDegree in Botany, Tribhuvan University c1999 aEng a60p.